000 00280nam a22001337a 4500
003 SGT
020 _a978-0-387-95382-3
082 _a519.5
_bSHA
100 _aSHAO, JUN
245 _aMATHEMATICAL STATISTICS
260 _aUSA
_bSPRINGER
_c2003
300 _a591
942 _2ddc
_cBK
999 _c22475
_d22475